Statystyki dla 15 krajów o największej liczbie zgonów Covid19 - 15 września 2021

Kliknij tutaj aby rozwiązać quiz!

Ogólne statystyki

  • Ten quiz został rozwiązany 19 razy
  • Średni wynik to 11 z 25

Statystyki odpowiedzi

kraj% Poprawnych
Stany Zjednoczone
100%
Niemcy
89%
Włochy
83%
Francja
78%
Rosja
78%
Wielka Brytania
72%
Hiszpania
67%
Brazylia
61%
Indie
61%
Meksyk
61%
Indonezja
44%
Argentyna
33%
Czechy
28%
Kolumbia
28%
Belgia
22%
Iran
22%
Peru
22%
Słowacja
22%
Bułgaria
17%
Węgry
17%
Gruzja
11%
Macedonia Północna
11%
Słowenia
11%
Bośnia i Hercegowina
6%
Paragwaj
6%

Rozkład punktacji

Percentyl według liczby udzielonych odpowiedzi

Procent ludzi z każdym wynikiem

Twoja historia wyników

Nie rozwiązałeś tego quizu